Obtenga Resultados con Microsoft Office 97 (Registro nro. 15325)

Detalles MARC
000 -LÍDER
fixed length control field 00370nam a2200121 4500
008 - ELEMENTOS DE LONGITUD FIJA -- INFORMACIÓN GENERAL
fixed length control field 0 1995 0a 000 0EUA
050 ## - SIGNATURA TOPOGRAFICA DE LA BIBLIOTECA DEL CONGRESO (LC)
Número de Clasificación QA76.6 M525
082 ## - NUMERO DE CLASIFICACION DECIMAL DEWEY
Número de Clasificación 001.6425 M619o
245 ## - TÍTULO
Título Obtenga Resultados con Microsoft Office 97
260 ## - PUBLICACIÓN, DISTRIBUCIÓN, ETC. (PIE DE IMPRENTA)
Lugar de publicación, distribución, etc. Estados Unidos de America
300 ## - DESCRIPCIÓN FÍSICA
Extensión 710 p / 18.7 cm
650 ## - ASIENTO SECUNDARIO DE MATERIA - TERMINO TEMÁTICO
Término temático o nombre geográfico como elemento de entrada 1.MICROSOFT OFFICE ( PROGRAMA PARA COMPUTADORA)
Existencias
No. biblioteca No. biblioteca Número de clasificación Código de barras/Número de adquisición Número de copia Tipo de material
LUIS G. INCLAN LUIS G. INCLAN 001.6425 M619o 36533 1 Libros
Calzada Tecnológico # 27, Zacatepec, Morelos.
01(734) 343-07-23 / 343-21-10 / 343-21-11
Apdo. Postal 45 C.P 62780